MARC

LEADER 00000nam0a2200000 4500
001 39179
005 20231031011202.0
035 |a (RuTPU)RU\TPU\book\40018 
035 |a RU\TPU\book\39261 
090 |a 39179 
100 |a 20020325d1987 km y0rusy50 ca 
101 0 |a rus 
102 |a RU 
105 |a a z 001zy 
200 1 |a Границы зерен и свойства металлов  |f О. А. Кайбышев, Р. З. Валиев 
210 |a Москва  |c Металлургия  |d 1987 
215 |a 212 с.  |c ил. 
320 |a Библиогр.: с. 206-213 
610 1 |a металлургия 
610 1 |a металлы 
610 1 |a свойства 
610 1 |a структура 
675 |a 669:539.2  |v 3 
700 1 |a Кайбышев  |b О. А.  |g Оскар Акрамович 
701 1 |a Валиев  |b Р. З.  |g Руслан Зуфарович 
801 1 |a RU  |b 63413507  |c 20020306  |g PSBO 
801 2 |a RU  |b 63413507  |c 20070913  |g PSBO 
942 |c BK